Waḥdat al-amthāl al-ʻāmmīyah fī bilād al-ʻArabīyah

محفوظ في:

المؤلف الرئيسي: Muḥammad Qandīl al-Baqlī..

التنسيق: كتاب

اللغة: Undetermined

منشور في: al-Qāhirah : Maktabat al-Anjlū al-Miṣrīyah, 1968.

الموضوعات:

الوسوم: إضافة وسم

لا توجد وسوم, كن أول من يضع وسما على هذه التسجيلة!

رقم الطلب: PN6519 .A7 B3

LEADER 00451nam a2200133Ia 4500
008 240329s9999||||xx |||||||||||||| ||und||
050 4 |a PN6519 .A7 B3 
100 1 |a Muḥammad Qandīl al-Baqlī.. 
245 1 0 |a Waḥdat al-amthāl al-ʻāmmīyah fī bilād al-ʻArabīyah  |c Muḥammad Qandīl al-Baqlī. 
264 1 |a al-Qāhirah :  |b Maktabat al-Anjlū al-Miṣrīyah,  |c 1968. 
300 |a 346  |c 24 cm 
650 |a  Proverbs, Arabic 
942 |2 lcc  |c BK 
999 |c 57579  |d 57579